000 00379nam a2200169Ia 4500
005 20250423094537.0
008 250422s9999 xx 000 0 und d
020 _a0- 03- 062381- 2
050 _aHB 171.5 .D58/
100 _aEdwin G. Dolan
245 0 _aBasic economics
250 _a3rd ed.
260 _bDryden press
260 _c1983
300 _a773 p
942 _cBK
999 _c27553
_d27553